Petroleum industry and the third plan (Record no. 364246)

000 -LEADER
fixed length control field 00412cam a22001337a 4500
008 - FIXED-LENGTH DATA ELEMENTS--GENERAL INFORMATION
fixed length control field 180718b1960 xxu||||| |||| 00| 0 eng d
082 ## - DEWEY DECIMAL CLASSIFICATION NUMBER
Classification number T215x54 D535
100 ## - MAIN ENTRY--PERSONAL NAME
Personal name Dhar, P.N.
245 ## - TITLE STATEMENT
Title Petroleum industry and the third plan
Statement of responsibility, etc. by P. N. Dhar
260 ## - PUBLICATION, DISTRIBUTION, ETC.
Place of publication, distribution, etc. Bombay
Name of publisher, distributor, etc. Asia
Date of publication, distribution, etc. 1960
300 ## - PHYSICAL DESCRIPTION
Extent 46p.
500 ## - GENERAL NOTE
General note Institute of Economic Growth Occassional Paper, No.1
650 ## - SUBJECT ADDED ENTRY--TOPICAL TERM
Topical term or geographic name entry element Petroleum Industry and Trade - India
Holdings
Withdrawn status Lost status Damaged status Not for loan Permanent Location Current Location Date acquired Full call number Barcode Date last seen Price effective from Koha item type
        Indian Institute of Public Administration Indian Institute of Public Administration 1994-04-07 T215x54 D535 22384 2018-07-21 2018-07-21 Book

Powered by Koha